|
|
|
|
| LEADER |
00000cam a2200000 7i4500 |
| 001 |
0000278335 |
| 005 |
20210121093754.0 |
| 020 |
|
|
|a 9789672370017
|
| 090 |
0 |
0 |
|a JF
|b ZAB
|
| 100 |
0 |
|
|a Zabri Hazry
|
| 245 |
1 |
0 |
|a Bahasa cermin budaya bangsa
|c Zabri Hazry
|
| 260 |
|
|
|a Kuala Lumpur :
|b Semarak Murni Enterprise ,
|c 2020
|
| 300 |
|
|
|a 48p. :
|b ill. ;
|c 23cm.
|
| 490 |
0 |
|
|a Hikmah dalam bahasa kias
|
| 650 |
|
0 |
|a Children's stories, Malay
|
| 999 |
|
|
|a 00377455
|b BUKU
|c PINJAMAN
|e PERPUSTAKAAN KOMUNITI CAW KOTA DAMANSARA
|
| 999 |
|
|
|a 00384773
|b BUKU
|c PINJAMAN
|e PERPUSTAKAAN KOMUNITI PETALING JAYA
|